A roma kisebbség helyzete, valamint a kommunikáció szerepe a társadalmi beilleszkedés elősegítésében

Elmentve itt :
Bibliográfiai részletek
Szerző: Hircz Tamás
További közreműködők: Róka Jolán (Témavezető)
Dokumentumtípus: Szakdolgozat
Megjelent: 2003
Tárgyszavak:
Online Access:http://diploma.bibl.u-szeged.hu/40361
LEADER 00600nta a2200157 i 4500
001 dipl40361
005 20130415113022.0
008 130415s2003 hu om 0|| zxx d
040 |a SZTE Diploma Repozitórium  |b hun 
041 |a zxx 
100 1 |a Hircz Tamás 
245 1 2 |a A roma kisebbség helyzete, valamint a kommunikáció szerepe a társadalmi beilleszkedés elősegítésében  |h [elektronikus dokumentum] /  |c Tamás Hircz 
260 |c 2003 
650 4 |a Bölcsészettudományok 
700 1 |a Róka Jolán  |e ths 
856 4 0 |u http://diploma.bibl.u-szeged.hu/id/eprint/40361/1/2003_hircz_tamas.pdf  |z Dokumentum-elérés